000 00452nam a2200181Ia 4500
001 11571
005 20260306162837.0
008 260306t2021||||xx |||||||||||||| ||spa||
041 _aESP
082 _a985.0922
_bN37
100 _aNeira, Hugo,
_eAUT
245 0 _aBicentenario Perú :
_bDos siglos de pensamiento de peruanos
260 _c2021
300 _a666 páginas :
_c24 cm.
650 _aGEN
654 _aCHU
942 _cLIB
_dJUS
_fJUS
_2ddc
_n
999 _c11571
_d11571